000 00667nam a2200289Ia 4500
001 Z_4286
003 CHAP
008 220113s1988 xx 000 0 und d
010 _a167351
040 _cCHAP
082 _a001.6424 J6
100 _aJorgensen, Carolyn
_9141522
245 _aMastering 1-2-3 /
_cpor Carolyn Jorgensen
260 _aSan Francisco :
_bSybex,
_c1988
300 _a702 p.
440 _a
500 _a
503 _a143612
650 _a1
_x2
_x3 (Programación)
_9141523
650 _aLenguajes de programación
_965989
901 _a001.6424 J6
902 _aA
910 _a1988
942 _c1
942 _cc1
999 _c167351
_d167351